| 000 | 00356nam a22001337a 4500 | ||
|---|---|---|---|
| 082 |
_a701.85 _bTAH _cN-01, P-90 |
||
| 100 |
_aM. Athar Tahir _945743 |
||
| 245 | _aPakistan Colours | ||
| 260 |
_aOxford University Press _bTana Bana Lahore London |
||
| 300 | _a147 P, : | ||
| 526 |
_a0 _b0 _c0 _d701_850000000000000_TAH |
||
| 650 |
_aMCE _9379 |
||
| 942 |
_2ddc _cBK |
||
| 999 |
_c549200 _d549200 |
||